Jueces y política en democracia y dictadura: lecciones desde Chile /
Furkejuvvon:
| Váldodahkki: | |
|---|---|
| Materiálatiipa: | Dovdameahttun |
| Giella: | Spanish |
| Almmustuhtton: |
México :
FLACSO
|
| Fáddágilkorat: |
Lasit fáddágilkoriid
Eai fáddágilkorat, Lasit vuosttaš fáddágilkora!
|
MARC
| LEADER | 00000 a2200000 04500 | ||
|---|---|---|---|
| 001 | 48923 | ||
| 003 | cru CIDCACS/IIS | ||
| 005 | 20200925160412.0 | ||
| 008 | 050706s2014 mx spa d | ||
| 999 | |c 7144 |d 7144 | ||
| 020 | |a 978-607-9275-47-1 | ||
| 040 | |c CRAI/IIS |a CRAI/IIS | ||
| 090 | |a 04.03.02 H641j | ||
| 100 | |a Hilbink, Lisa | ||
| 245 | |a Jueces y política en democracia y dictadura: |b lecciones desde Chile / |c Lisa Hilbink ; traducción de Felipe Millán Zapata | ||
| 260 | |a México : |b FLACSO | ||
| 300 | |a 404 páginas : |b tablas | ||
| 942 | |2 ddc |c LI | ||



